000 01788cam a22004694i 4500
003 PE-LiUPU
005 20250731173000.0
008 150623s r 000 0 d
020 _a0801056519
035 _a(Sirsi) i9780801056512
040 _aPE-LiUPU
_bspa
_cPE-LiUPU
_erda
049 _aPRUA
082 0 4 _a220.601
_bL26
_221
100 1 _aLarkin, William J.,
_eautor.
245 1 0 _aCulture and biblical hermeneutics :
_binterpreting and applying the authoritative word in a relativistic age /
_cWilliam J. Larkin.
264 1 _aMichigan :
_bBaker Book House,
_c1988.
300 _a401 páginas ;
_c23 centímetros
336 _atext
_2rdacontent
337 _aunmediated
_2rdamedia
338 _avolume
_2rdacarrier
504 _aIncluye bibliografía.
505 0 _aHistorical background. -Hermeneutics and culture: the nonevangelical perspective. -Hermeneutics and culture: the evangelical perspective. -Hermeneutics and culture. -The missiological approach. -Biblical theology of hermeneutics and culture. -Hermeneutical guidelines.
526 _aSEG42
526 _aSEG41
526 _aSEG40
526 _aSEG39
526 _aP94
526 _aP87
526 _aP86
526 _aP85
526 _aP77
526 _aP76
526 _aP35
630 _aBiblia
_xEvidencias, autoridad, etc.
650 0 4 _aHermenéutica bíblica.
942 _2ddc
_cBOOK
949 _a220.601 L26
_wDEWEY
_c1
_i45505
_lCCODEBUL1
_mBUL
_r0
_sY
_tBOOK
_u2015-6-24
_xTEOLOGIA
_PP35
_0COMPRA
_o.STAFF. Colección General
994 _aC0
_bPEPRU
596 _a1
999 _a220.601 L26
_wDEWEY
_c22366
_i45505
_f2021-11-9
_g5
_lCCODEBUL1
_mBUL
_r0
_sY
_tBOOK
_u2015-6-24
_xTEOLOGIA
_PP35
_0COMPRA
_o.STAFF. Colección General
_d22366
980 _81
_gALBERTO SANCHEZ Responsable de Automatización